Tom Gates - Character Quiz - Statistics

General Stats
  • This quiz has been taken 1,821 times
  • The average score is 7 of 13
Answer Stats
Hint Answer % Correct
The Main Character Tom Gates
99%
His Sister who always wears sun-glasses Delia Gates
70%
His Dad, who has a bald head. Frank Gates
59%
HIs other friend, drummer for Dogzombies Norman
54%
His Mother. Rita Gates
54%
His Teacher with Big, Beady Eyes! Mr. Fullerman
50%
His Best Friend's Dog Rooster
50%
The girl that sits next to him Amy Porter
49%
His Best Friend, who plays the piano for Dogzombies. Derek Fingle
47%
His Favourite Band DUDE3
45%
His Arch-Enemy, sits next to him too! Marcus Meldrew
42%
New Neigbour in Special Treats (not) June
39%
His Neighbour's Cat Roger
20%
No matching quizzes found
Score Distribution
Percent of People with Each Score
Percentile by Number Answered
Your Score History
You have not taken this quiz